000 02102cam a2200277 4500500
005 20260208005109.0
041 _afre
042 _adc
100 1 0 _aDuthu, N. Bruce
_eauthor
245 0 0 _aThe New Indian Wars: Tribal Sovereignty, The Courts and Judicial Violence
260 _c2016.
500 _a28
520 _aLa Cour suprême des Etats-Unis a rendu plusieurs décisions ces quatre dernières décennies, qui limitent de façon drastique l’autorité souveraine des nations autochtones, notamment sur les personnes qui ne sont pas membres de la tribu. Ironiquement, cette posture judiciaire est apparue en même temps qu’une politique nationale favorisant l’auto-détermination des nations autochtones. Ce phénomène légal institue une forme de violence judiciaire contre les tribus indiennes et permet de saper la promesse de la jeune République d’une société légalement plurielle. Cet article suggère que cette courte vue des pouvoirs souverains des tribus, qui est celle de la cour aujourd’hui, découle de deux préoccupations interdépendantes, mais distinctes l’une de l’autre: (a) l’attention particulière apportée par la cour aux intérêts des personnes qui ne sont pas membres de la tribu, notamment celles habitant en Pays indien; et (b) l’attachement obtus de la cour pour une période de l’histoire américaine pendant laquelle on a envisagé et activement poursuivi un processus d’éradication de la présence autochtone au sein du territoire américain.
690 _aallotment
690 _acivil and criminal jurisdiction
690 _aIndian country
690 _ainherent power
690 _ajudicial violence
690 _aplenary power
690 _aself-determination
690 _atribal members / non-members
690 _atribal sovereignty
690 _aUnited States Supreme Court
786 0 _nRevue française d’études américaines | 144 | 3 | 2016-05-24 | p. 78-94 | 0397-7870
856 4 1 _uhttps://shs.cairn.info/journal-revue-francaise-d-etudes-americaines-2015-3-page-78?lang=en&redirect-ssocas=7080
999 _c1650546
_d1650546